The chemical electron / (Record no. 53346)
[ view plain ]
| 000 -LEADER | |
|---|---|
| fixed length control field | 00678nam a2200241 a 4500 |
| 001 - CONTROL NUMBER | |
| control field | 53346 |
| 003 - CONTROL NUMBER IDENTIFIER | |
| rucl marc code | BD-RjUL |
| 005 - DATE AND TIME OF LATEST TRANSACTION | |
| control field | 20211209075940.0 |
| 008 - FIXED-LENGTH DATA ELEMENTS--GENERAL INFORMATION | |
| fixed length control field | 161005s1969 enka b 001 0 eng a |
| 035 ## - SYSTEM CONTROL NUMBER | |
| System control number | (BD-RjUL)53466 |
| 040 ## - CATALOGING SOURCE | |
| Original cataloging agency | DLC |
| Transcribing agency | DLC |
| Modifying agency | DLC |
| -- | BD-RjUL |
| Language of cataloging | eng |
| 041 ## - LANGUAGE CODE | |
| Language code of text/sound track or separate title | eng |
| 082 00 - DEWEY DECIMAL CLASSIFICATION NUMBER | |
| Classification number | 541.224 |
| Edition number | 23 |
| Author mark and year | PRC 1969 |
| 100 1# - MAIN ENTRY--PERSONAL NAME | |
| Personal name | Press, Ronald Edwin. |
| 9 (RLIN) | 159455 |
| 245 14 - TITLE STATEMENT | |
| Title | The chemical electron / |
| Statement of responsibility, etc. | by R. E. Press. |
| 260 ## - PUBLICATION, DISTRIBUTION, ETC. (IMPRINT) | |
| Place of publication, distribution, etc. | Harlow : |
| Name of publisher, distributor, etc. | Longmans, |
| Date of publication, distribution, etc. | 1969. |
| 300 ## - PHYSICAL DESCRIPTION | |
| Pagination | vii, 114 p. : |
| Illustrations | ill. ; |
| Size | 22 cm. |
| 490 0# - SERIES STATEMENT | |
| Series statement | Concepts in chemistry |
| 500 ## - GENERAL NOTE | |
| General note | Includes Index |
| 650 #0 - SUBJECT ADDED ENTRY--TOPICAL TERM | |
| Topical term or geographic name as entry element | Chemical bonds. |
| 9 (RLIN) | 159456 |
| 830 ## - SERIES ADDED ENTRY--UNIFORM TITLE | |
| Uniform title | Concepts in chemistry |
| 942 ## - ADDED ENTRY ELEMENTS (KOHA) | |
| Source of classification or shelving scheme | Dewey Decimal Classification |
| Koha item type | Books |
| Lost status | Source of classification or shelving scheme | Damaged status | Not for loan | Collection code | Permanent Location | Current Location | Shelving location | Date acquired | Total Checkouts | Full call number | Date last seen | Copy number | Koha item type |
|---|---|---|---|---|---|---|---|---|---|---|---|---|---|
| Dewey Decimal Classification | Non-fiction | Central Library, University of Rajshahi | Central Library, University of Rajshahi | 05/10/2016 | 541.224 PRC 1969 | 05/10/2016 | C-2 | Books |